平成に消滅・改称した奈良県の市町村 - Statistics

General Stats
  • This quiz has been taken 22 times
  • The average score is 10 of 11
Answer Stats
変更年月日 変更内容 回答 変更後の市町村 % Correct
1991.10/24 村名改称 都祁村 都祁󠄀村
93%
2005.04/01 編入合併 月ヶ瀬村 奈良市
93%
2005.04/01 編入合併 都祁󠄀村 奈良市
93%
2006.01/01 新設合併 榛原町 宇陀市
93%
2004.10/01 新設合併 新庄町 葛󠄀城市
86%
2005.09/25 編入合併 大塔村 五條市
86%
2006.01/01 新設合併 大宇陀町 宇陀市
86%
2006.01/01 新設合併 菟田野町 宇陀市
86%
2006.01/01 新設合併 室生村 宇陀市
86%
2005.09/25 編入合併 西吉野村 五條市
79%
2004.10/01 新設合併 當麻町 葛󠄀城市
71%
No matching quizzes found
Score Distribution
Percent of People with Each Score
Percentile by Number Answered
Your Score History
You have not taken this quiz